000 00367nam a2200157Ia 4500
008 210210b1911 xxu||||| |||| 00| 0 eng d
041 _aeng
082 _a822/1246
100 _aWALTON (I)
245 _aCompleat angler
260 _aLondon
_bJ M Dent and Sons Ltd.
_c1911
650 _aCompleat
650 _aangler
690 _aEnglish Prose
906 _a013428
999 _c132296
_d132296